[Event "Julian Borowski-A 4th"]
[Site "Essen"]
[Date "2002.05.22"]
[Round "6"]
[White "Dautov, Rustem"]
[Black "Kasimdzhanov, Rustam"]
[Result "1/2-1/2"]
[WhiteElo "2636"]
[BlackElo "2674"]
[Annotator "Dautov,Rustem"]
[PlyCount "55"]
[EventDate "2002.05.16"]
[EventType "tourn"]
[EventRounds "9"]
[EventCountry "GER"]
[EventCategory "16"]
[SourceTitle "CBM 090"]
[Source "ChessBase"]
[SourceDate "2002.09.20"]
[SourceVersion "1"]
[SourceVersionDate "2002.09.20"]
[SourceQuality "1"]

1. d4 Nf6 2. c4 e6 3. Nf3 d5 4. Nc3 Be7 5. Qc2 O-O 6. cxd5 exd5 7. Bg5 c5 $5 {Diesem seltenen Plan hält Kasimdzhanov die Treue. Mit dem Übergang in eine Isolani-Stellung versucht Schwarz die Nachteile des frühen d1-c2 aufzuspüren.} ({Das übliche} 7... c6 {führt zu der Abtausch-Variante.}) 8. e3 ({Oder} 8. dxc5 Qa5 9. Nd4 Qxc5 10. Nb3 Qd6 11. e3 Be6 12. Be2 Nc6 13. Rd1 h6 14. Bf4 Qd8 15. O-O Rc8 16. a3 a6 17. Bf3 Qb6 18. Nd4 Nxd4 19. exd4 Rfd8 20. Rfe1 Qa5 $11 {, und die Stellung ist ausgeglichen, Khenkin,I-Kasimdzhanov,R/Moscow 2001.}) 8... cxd4 $146 {Eine logische und starke Neuerung. Weniger überzeugend wirkte dagegen 8...c6 wegen 9.dxc5.} (8... Nc6 9. dxc5 h6 (9... Qa5 10. Bb5 (10. O-O-O $5 Be6 11. Bb5 a6 12. Bxc6 bxc6 13. Na4 $16) 10... a6 11. Bxc6 bxc6 12. O-O (12. Nd4 Qxc5) 12... Qxc5 13. Rac1 $14) 10. Bh4 (10. Bxf6 Bxf6 11. O-O-O Be6 12. Bc4 Nb4 13. Qb3 Bxc3 14. bxc3 Na6 15. Bxd5 Nxc5 16. Qb4 Qc7 $44 {Quinteros,M-Andersson,U/Biel 1985}) 10... Bxc5 11. Bxf6 Qxf6 12. Nxd5 Bb4+ 13. Nxb4 Nxb4 14. Qd2 a5 {De Castro,E-Cassidy,R/Havana 1966} 15. a3 $1 Rd8 16. Qc1 Nd3+ 17. Bxd3 Rxd3 18. O-O Bf5 19. Nd4 $16) 9. Nxd4 h6 10. Bh4 Nc6 11. Nxc6 $146 (11. Rd1 Nxd4 12. Rxd4 Be6 13. Be2 Rc8 $11 {e4}) ({RR} 11. Rd1 Bg4 12. Be2 Nxd4 13. Rxd4 Bxe2 14. Qxe2 g5 15. Bg3 Bc5 16. Rd3 Qe7 17. O-O Rad8 18. Rfd1 Qe6 19. Qc2 Bb4 20. a3 Bxc3 21. Rxc3 Ne4 22. Rc7 h5 23. Rxb7 h4 24. Bc7 Rd7 25. Rc1 Rc8 {Mirzanurov,B (2198)-Amirkhanov,R (2246) Kazan 2006 ½-½ (60)}) 11... bxc6 12. Be2 Be6 13. O-O {Ich entschied mich kurz vor der Partie, diese Stellung zu spielen. Weiß hat zwar keinen Eröffnungsvorteil, seine Figuren sind aber recht gut platziert für das Spiel gegen die Hängebauern, die nach dem baldigem c6-c5 entstehen werden.} Qa5 14. Rfd1 Rfd8 15. Rd2 $6 {Geradelinig gespielt. Ich wollte dem Gegner c6-c5 maximal erschweren. Es gab aber eine andere, feinere Art, dagegen vorzugehen.} (15. Rac1 Rab8 16. Na4 c5 $1 (16... Rb4 17. Bxf6 Bxf6 18. a3 $16) 17. b3 (17. Nxc5 $4 Rdc8 $19) 17... c4 $11) (15. a3 $1 {b4 Weiß erzwingt c6-c5, um mit dem Vorstoß b2-b4 zu kontern.} c5 16. Bf3 Rab8 ({Das Gegenspiel nach} 16... g5 $2 {ist ungenügend um die Schächung des schwarzen Königs zu kompensieren.} 17. Bg3 g4 18. Be2 d4 19. exd4 cxd4 20. b4 Qh5 21. Nb5 Rac8 22. Qa4 $16 {×d4}) 17. Bg3 $1 Bd6 (17... Rb7 18. b4 $1 cxb4 19. axb4 Qb6 (19... Qxb4 $4 20. Rab1 $18) 20. b5 $14) (17... Rbc8 18. Be5 $14) 18. Bxd6 Rxd6 19. b4 $1 Qc7 20. Qd3 Rdd8 21. bxc5 Qxc5 22. Ne2 $14 {, und die entstandene Isolani-Stellung ist etwas angenehmer für Weiß.}) 15... Rd7 {Diese Gegenverdopplung auf der d-Linie sieht sehr logisch aus.} ({Nicht weniger gut war} 15... Rab8 16. Rad1 c5 17. Bf3 (17. b3 c4 $11) 17... Rb4 $1 18. Bxf6 Bxf6 19. Nxd5 Bxd5 20. Rxd5 Rxd5 21. Bxd5 Rxb2 $11) 16. Rad1 Rad8 17. Bf3 $2 {Ein grober Fehler, der Schwarz die Durchsetzung von c6-c5 unter für Weiß sehr ungünstigen Umständen erlaubt.} ({Korrekt war} 17. h3 $1 {f3} c5 (17... g5 $6 18. Bg3 c5 $2 19. Bb5 $1 Rb7 20. Bc6 Rb4 21. Be5 $1 $16) 18. Bb5 Rb7 $1 (18... Rc7 19. Bc4 g5 20. Bg3 Rb7 (20... Rcd7 $2 21. Bb5 $16) 21. Bb3 $1 c4 22. Ba4 $14) 19. Bc6 Rb4 20. Bxf6 Bxf6 21. Bxd5 Rxb2 $1 22. Qxb2 Bxc3 23. Bxe6 $1 Bxd2 24. Bb3 Bb4 25. Rxd8+ Qxd8 26. Qe5 {, und die Stellung ist remislich.}) 17... c5 $1 $15 {Erst jetzt begriff ich, was passiert war - der Gewinn des Bauern d5 wird für Weiß mit dem Matt auf der Grundreihe enden! Andererseits droht Schwarz mit großer Kraft d5-d4. Nach einem sehr langen Nachdenken fand ich noch die beste Verteidigung.} 18. Bxf6 {Die Alternativen waren nicht erstrebenswert.} (18. b3 d4 19. Bxf6 (19. Na4 g5 $1 20. Bg3 dxe3 21. Rxd7 exf2+ 22. Bxf2 Rxd7 23. Rxd7 Nxd7 $17) 19... Bxf6 20. Ne4 Be7 21. exd4 cxd4 $17) (18. Qa4 Qxa4 19. Nxa4 g5 20. Bg3 g4 21. Be2 Ne4 22. Rc2 d4 23. Bb5 Bxa2 24. Bxd7 Bb3 $17) 18... Bxf6 19. e4 $1 (19. Nxd5 $4 Bxd5 20. Bxd5 Rxd5 21. Rxd5 Rxd5 22. Rxd5 Qe1#) 19... dxe4 (19... d4 20. Nd5 {ist für Weiß ungefährlich.}) ({Ich befürchtete} 19... Bg5 {, aber nach} 20. exd5 $1 {(Kasimdzhanov)} Bxd2 21. Rxd2 {hat Weiß eine ausreichende Kompensation für die Qualität.}) (19... Bxc3 20. Qxc3 Qxc3 21. bxc3 $11) 20. Rxd7 Bxd7 $6 {Es ist verständlich, daß Schwarz die Türme nicht tauschen will.} ({Dennoch war} 20... Rxd7 $1 {chancenreicher, nach} 21. Rxd7 Bxd7 22. Bxe4 Be6 23. a3 Bd4 $15 {wäre Weiß zu einer langen passiven Verteidigung verurteilt.}) 21. Nxe4 $1 Bd4 22. b3 {d2-c4} Bf5 {Die Fesselung sieht unangenehmer aus als sie ist, Weiß kann seinen Springer befreien.} 23. g3 Bg6 24. Kg2 Re8 (24... Qb6 $142 $1) 25. Qd2 $1 Qb6 (25... Qxd2 26. Nxd2 $11 {c4}) 26. Nc3 $11 Qe6 27. Nb5 Bf5 (27... Be4 28. Nxd4 (28. Qf4 Bxf3+ 29. Qxf3 Qb6 30. Nxd4 cxd4 31. Rd3 $11) 28... Qd5 29. Bxe4 Rxe4 30. Nf3 Rd4 31. Qxd4 cxd4 32. Rxd4 $11) 28. h4 1/2-1/2

[Event "EU-chT (Men) 19th"]
[Site "Warsaw"]
[Date "2013.11.11"]
[Round "4.3"]
[White "Edouard, Romain"]
[Black "Hracek, Zbynek"]
[Result "1-0"]
[WhiteElo "2653"]
[BlackElo "2638"]
[Annotator "Edouard,Romain"]
[PlyCount "119"]
[EventDate "2013.11.08"]
[EventType "team-swiss"]
[EventRounds "9"]
[EventCountry "POL"]
[SourceTitle "CBM 158"]
[Source "ChessBase"]
[SourceDate "2014.01.16"]
[SourceVersion "1"]
[SourceVersionDate "2014.01.16"]
[SourceQuality "1"]
[WhiteTeam "France"]
[BlackTeam "Czech Republic"]
[WhiteTeamCountry "FRA"]
[BlackTeamCountry "CZE"]

1. d4 {Atalik,Suat} Nf6 2. c4 e6 3. Nc3 d5 4. Nf3 Nbd7 5. cxd5 {I could not remember any line so I decided to avoid real theory.} exd5 6. Bf4 c6 7. Qc2 (7. h3 {was my initial idea, to avoid ...h5 like in the game, but I became afraid of} Ne4 {which indeed is quite unclear.}) 7... Nh5 8. Bg5 $6 (8. Bd2 {should be played: after 8.g5 I simply get a classical position a tempo down (usually Black goes ...h5 when the bishop is already on g5!).}) 8... Be7 9. Bxe7 Qxe7 10. g3 {In the classical line I would have an extra move (e3 would have been played) so I decided to try to look less stupid and went for a new plan. However I got such a weird position that I'm not sure the mission succeeded!} Nb6 11. Bg2 g6 12. O-O O-O {Now that I had castled on this side Black has no reason to try to castle on the other side - of course.} 13. Rae1 $146 ({RR} 13. Rad1 Bf5 14. Qc1 Nc4 15. Nh4 Be6 16. e4 dxe4 17. Nxe4 ({RR} 17. d5 cxd5 18. Nxd5 Bxd5 19. Rxd5 Rac8) 17... Nd6 18. Nc3 ({RR} 18. Qc5 Rfd8 19. Rfe1 Ng7 ({RR} 19... Bxa2 20. Nxd6 Qxd6 21. Re8+)) 18... Rac8 19. d5 ({RR} 19. Rfe1 Qf6 20. Re5) 19... cxd5 20. Qe3 ({RR} 20. Bxd5 Nb5 21. Qe3) 20... Nc4 21. Nxd5 ({RR} 21. Qxa7 Nxb2 22. Nxd5 Qc5 23. Qxc5 Rxc5 24. Ne7+ Kg7 25. Rb1 Nd3) ({RR} 21. Qe2 Nf4) 21... Qxh4 22. gxh4 ({RR} 22. Qh6 Qd8 23. Nf4 Qe7) 22... Nxe3 23. fxe3 Kg7 24. Bf3 Rfd8 25. Nc3 Nf6 26. Rd4 {½-½ (26) Atalik,S (2575)-Rabiega,R (2477) Berlin 2000 EXT 2002 [Atalik,Suat]} {RR} Rxd4 ({RR} 26... Re8 27. Ra4 Bc4 28. Re1 Ba6 29. Rd4) 27. exd4 b5 ({RR} 27... Rd8 28. Rd1 Bd5 29. Kf2) 28. Nxb5 Rb8 29. Nxa7 Rxb2 30. Rf2) 13... Bf5 14. Qc1 (14. e4 dxe4 15. Nxe4 Rfe8 16. Ne5 Rad8 $11) 14... Be4 15. Nd2 (15. Nxe4 dxe4 16. Ne5 f6 17. Nc4 f5 $11) 15... Bxg2 16. Kxg2 f5 17. Nf3 Nd7 18. Na4 {I decided to go for an equal endgame since my position was starting to become slightly worse.} Nhf6 19. Nc5 Nxc5 20. Qxc5 Qxc5 21. dxc5 Ne4 22. Rc1 {The position is completely equal.} f4 (22... a5 $5) 23. Rc2 fxg3 {I am not sure this was useful.} (23... Rae8 24. Nd4 Ng5 $11) 24. hxg3 h5 25. Nd4 Rf6 26. b4 a6 27. a4 Ng5 28. e3 Ne6 29. Nb3 Ng7 {I think an even better plan would have been to keep the knight on e6 and protect b7 with the f-rook if necessary.} ({E.g.} 29... Kg7 30. Na5 Rf7 $11 {and now White is even unable to push b5.}) 30. Re1 Re8 31. Na5 Nf5 32. Rb2 Re7 33. b5 axb5 34. axb5 Kf7 35. bxc6 bxc6 36. Rb6 Rc7 37. e4 dxe4 38. Rxe4 {There is not much to say about the last 8 moves. The game has developed more or less normally.} Ng7 $6 (38... g5 $11) 39. Nb7 g5 $5 (39... Kg8 40. Nd6 $14) 40. Nd6+ Kg6 41. Ra4 Re7 42. Ra2 (42. Rxc6 Re2 $11) (42. Ne4 Rfe6 $11) 42... Nf5 $5 (42... Ne6 43. Rxc6 g4 $1 {should be an easy draw.} ({And not} 43... Nxc5 $2 44. Rxc5 Rxd6 45. Raa5 {which should be almost losing for Black.})) 43. Rxc6 Nxd6 $2 (43... Re1 $1 {with the idea of ...d4 and ...f3 would be a draw.}) 44. Rxd6 Rxd6 $2 ({The weird} 44... Re5 $8 {would be the only try, with the idea of} 45. Rxf6+ Kxf6 46. Rc2 Ke7 {and a better version of the game for Black. But of course, as a rule, we say the passed pawn should be as close as possible to the defending king in that kind of position.}) 45. cxd6 Rd7 46. Rd2 {This precise ending is totally lost, for concrete reasons.} g4 (46... Kf7 47. g4 $1 (47. Rd5 $2 g4 48. Kf1 Ke6 49. Rxh5 Rxd6 50. Rh6+ Ke5 51. Rxd6 Kxd6 $11) (47. Kf3 $2 Ke6 48. Ke4 Rxd6 49. Rxd6+ Kxd6 50. Kf5 h4 $11) 47... h4 (47... hxg4 48. Kg3 Ke8 49. Kxg4 Rg7 50. Re2+ $1 Kd8 51. Re5 $18) 48. Rd5 Kf6 49. Kf3 Kg6 50. Ke3 $18) 47. Kf1 Kf7 (47... Kf5 48. Ke2 Ke4 49. Rd1 $22 $18) 48. Ke2 Ke8 (48... Ke6 49. Ke3 Rxd6 50. Rxd6+ Kxd6 51. f4 $18) 49. Ke3 Rf7 (49... Ra7 50. Rd5 $1 Kd7 (50... Ra4 51. Rxh5 $18) 51. Kf4 Ra2 52. Kg5 $18) 50. d7+ Kd8 51. Ke4 Rf3 52. Ke5 {My king is coming to e6 and the black rook cannot stay on the f-file.} Ra3 53. Kf5 Ra5+ 54. Kg6 Rb5 55. Rd4 Ra5 56. Rf4 Kxd7 57. Rf5 Ra8 58. Kxh5 Rg8 59. Re5 $5 Kd6 (59... Rf8 60. Re2 $18) 60. Re4 (60. Re4 Rf8 61. Rf4 $18) 1-0

[Event "FRA-chT Top 12"]
[Site "Montpellier"]
[Date "2015.06.05"]
[Round "6.1"]
[White "Giri, Anish"]
[Black "Fressinet, Laurent"]
[Result "1-0"]
[WhiteElo "2776"]
[BlackElo "2712"]
[Annotator "Ramirez Alvarez,Alejandro"]
[PlyCount "81"]
[EventDate "2015.05.30"]
[EventType "team-tourn"]
[EventRounds "11"]
[EventCountry "FRA"]
[SourceTitle "CBM 166 Extra"]
[Source "ChessBase"]
[SourceDate "2015.06.18"]
[SourceVersion "1"]
[SourceVersionDate "2015.06.18"]
[SourceQuality "1"]
[WhiteTeam "Bischwiller"]
[BlackTeam "Clichy-Echecs 92"]
[WhiteTeamCountry "FRA"]
[BlackTeamCountry "FRA"]

1. c4 e6 2. Nc3 d5 3. d4 Nf6 4. cxd5 exd5 5. Bg5 {The exchange Queen's Gambit Declined is getting a solid reputation, even at the top levels of chess. It was scorned for several years as White was supposed to have a slight advantage from almost every line, but lately it seems that Black's chances of holding are increasing and increasing.} Be7 6. e3 c6 7. Bd3 Nbd7 8. Nge2 {White has two main development patterns: Nf3 or Ne2, and the position of the knight usually changes his plans completely. The famous "minority attack" on the queenside is much more likely to happen with the knight on f3, as on e2 it does not support the attack well (on f3 it can at least go to e5 and pressure c6). Here White will probably go f3-e4 at some point.} h6 9. Bh4 Nh5 {All the ideas with Nh5 are the reason the exchange variation is gaining some momentum for the black players.} 10. Bxe7 Qxe7 11. O-O O-O 12. Qd2 Re8 ({RR} 12... Nb6 13. f3 Qg5 14. Rad1 Nc4 15. Bxc4 dxc4 16. e4 Qxd2 17. Rxd2 Nf6 18. Rfd1 b5 19. e5 Nd5 20. Nxd5 cxd5 21. Nc3 Be6 22. Nxb5 Rab8 23. Nc3 Rb4 24. Rf2 Rfb8 25. Rdd2 h5 26. f4 g6 27. h3 {Kola,V (2061)-Ambartsumova,K (2385) chess.com INT 2026 0-1 (84)}) 13. Rae1 Nb6 14. Nc1 (14. Nf4 $5 Nxf4 15. exf4 Qd6 16. Re5 {Giri}) 14... Qg5 $146 (14... Nf6 15. f3 c5 16. Qf2 Bd7 17. dxc5 Qxc5 18. Nb3 Qb4 19. Rc1 Rac8 20. Rfd1 a5 21. e4 a4 22. Qd4 Qxd4+ 23. Nxd4 dxe4 24. Nxe4 Nxe4 25. Bxe4 Rxc1 26. Rxc1 Bc8 27. Kf2 Kf8 28. Rc5 Rd8 29. Ke3 g6 30. g4 Ke7 31. Kd3 Kd6 32. Rb5 Nd7 33. Rd5+ Ke7 34. Rb5 Kd6 35. Kc4 Kc7 36. a3 Nb6+ 37. Kc3 Bd7 38. Rc5+ Kd6 39. Kb4 Rb8 40. Nb5+ Ke7 41. Nd4 Nc8 42. Nb5 Kd8 43. h4 b6 44. Rc1 {Oms Pallisse,J (2440)-Khurtsidze,N (2375) Groningen 1998 ½-½ (79)}) ({RR} 14... Be6 15. f3 Rad8 16. Qf2 Qd6 17. Bb1 Nf6 18. Nd3 Bc8 {½-½ (18) Gawlas,R (2062)-Jirousek,J (2140) Pardubice CZE 2023}) ({RR} 14... Nf6 15. f3 Nc4 16. Qf2 Qb4 17. Re2 a5 18. a3 Qf8 19. e4 Be6 20. e5 Nd7 21. Rfe1 b5 22. a4 b4 23. Nd1 c5 24. Nb3 Nxb2 25. Nxb2 c4 26. f4 cxd3 27. Nxd3 Bf5 28. Ndc5 Nb6 29. Qf3 {So,W (2769)-Abdusattorov,N (2725) chess.com INT 2023 0-1 (49)}) 15. f3 {White's plan isn't subtle: f3, e4 and take control of the center. Black has a few ways to play against this. In the old days it was recommended to play c5 early, but this isn't the best when the dark-squared bishops have already been traded.} Bf5 16. Bxf5 Qxf5 17. e4 Nc4 $1 {Anice intermediate move. Taking on f5 just ruins White's structure, so the queen has to move to a palce where it does not cover g5.} 18. Qe2 Qg5 {Now Nf4 can be annoying,} 19. Qf2 Nf4 20. Kh1 Qd8 21. e5 {White has gained some space, but Black's knight are well positioned and there is a real chance to blockade White's advances.} c5 $6 {The idea of opening the position is not the most accurate. Fressinet should have kept waiting.} (21... Rc8) 22. b3 $1 cxd4 23. Qxd4 Qg5 24. g3 Ne6 25. Qf2 Nb6 {Black has been driven back, and Giri wastes no time.} 26. f4 $16 {[%csl Ge5,Gf4][%cal Gf4f5,Gf5f6]} Qe7 27. f5 Ng5 28. Qd4 Rac8 29. Nd3 Red8 30. Nb5 $1 Nc4 $5 {Fressinet was feeling the pressure and he decided to liquidate some pieces with some tactics, but Giri was having none of it.} 31. Nf4 (31. bxc4 dxc4 32. Nd6 $1 cxd3 33. h4 $1 $18 (33. Nxc8 Qe8 $1 {Is almost brilliant. The strong threats of Qc6 and Rxc8 give White a bad position.})) 31... Na3 32. Nd6 $1 {Nicely calculated from Giri.} Nc2 (32... Rc7 33. Nxd5 {is beyond hopeless.}) 33. Nxc8 Qd7 34. Qd1 Rxc8 (34... Nxe1 35. Nd6 {and Black's knight finds itself trapped on e1!} Nef3 36. Rxf3 Nxf3 37. Qxf3 $18) 35. Qxd5 $1 $18 Qxf5 (35... Qxd5+ 36. Nxd5 {and Black has no time to take on e1 due to threat of Ne7+, picking up the rook on c8.}) 36. e6 $1 fxe6 37. Rxe6 {It seems like White's pieces are hanging, but everything is under control.} Qxd5+ 38. Nxd5 Kh7 (38... Nxe6 39. Ne7+ Kh7 40. Nxc8 {is resignable, the exchange is too much.}) 39. Re7 Nd4 40. Rc7 Rd8 41. Nf4 {Black has no compensation for the lost exchange and simply resigned.} 1-0

[Event "FIDE World Cup"]
[Site "Baku"]
[Date "2015.09.14"]
[Round "2.1"]
[White "Ding, Liren"]
[Black "Inarkiev, Ernesto"]
[Result "1-0"]
[WhiteElo "2782"]
[BlackElo "2660"]
[Annotator "Havasi,Gergo"]
[PlyCount "77"]
[EventDate "2015.09.11"]
[EventType "k.o."]
[EventRounds "7"]
[EventCountry "AZE"]
[SourceTitle "CBM 169"]
[Source "ChessBase"]
[SourceDate "2015.11.10"]
[SourceVersion "1"]
[SourceVersionDate "2015.11.10"]
[SourceQuality "1"]

1. c4 e6 2. Nc3 d5 3. d4 Nf6 4. cxd5 exd5 5. Bg5 c6 6. e3 Be7 7. Bd3 Nbd7 8. Nge2 Nh5 9. Bxe7 Qxe7 10. Qd2 $5 {A rare move.} (10. Qc2) (10. O-O) (10. g4 {are the main moves}) 10... Nb6 (10... g6 11. f3 Ndf6 12. O-O-O Be6 13. g4 Ng7 14. h4 (14. g5 Nd7 15. e4 {0-1 (62) Obsivac,J (2335)-Modr,B (2350) Czechia 1995}) 14... h5 15. g5 Nd7 16. e4 $14 {1-0 (63) Wehmeier,S (2394)-Kalka,A (2407) Germany 2006}) 11. f3 g6 (11... O-O 12. O-O {is better for White, because e3-e4 will come and White is very strong in the centre.}) 12. O-O O-O 13. Rae1 (13. e4 Be6 14. Rae1 {transposes.}) 13... Be6 14. e4 dxe4 (14... Ng7 {is a better chance, it's hard to find any convincing move for White.}) ({RR} 14... Rad8 15. e5 f5 16. exf6 Qxf6 17. g4 Ng7 18. Qh6 Nc8 19. Kg2 Nd6 20. h3 Rde8 21. b3 Bd7 22. Kg3 Bf5 23. Qd2 Bxd3 24. Qxd3 Re3 {0-1 (24) Wei Yi (2722)-Kravtsiv,M (2598) chess.com INT 2023}) 15. fxe4 Rad8 16. b3 $146 (16. h3 $1 {was the exact move to avoid ...g4:} Nc4 17. Qc1 Qb4 18. b3 Ne5 19. Bb1 $36 {1/2 (55) Gutman,L (2530)-Andersson,U (2600) Wijk aan Zee 1987}) ({RR} 16. h3 Nc4 17. Qc1 Qb4 18. b3 Ne5 19. Bb1 Rxd4 20. Nxd4 Qxd4+ 21. Qe3 Qxe3+ 22. Rxe3 Rd8 23. Rd1 Re8 24. Rd4 Nf6 25. Re1 Kf8 26. Ra4 a6 27. Rd4 Nfd7 28. Kf2 h5 29. Rc1 Ke7 30. Ne2 h4 {Gutman,L (2530)-Andersson,U (2600) Wijk aan Zee 1987 ½-½ (55)}) 16... Bg4 17. Qe3 $6 (17. Bb1 Rd7 18. h3 Bxe2 19. Nxe2 Ng7 $132) 17... f6 $6 (17... f5 $1 $132) 18. a4 $1 (18. Nf4 $5 Qb4 $13) 18... Qb4 19. Bc2 Bxe2 $6 (19... Rfe8 $13 {was better, keeping the tension.}) 20. Nxe2 Ng7 21. Rd1 $14 Qe7 $6 (21... f5 22. a5 Qxa5 23. exf5 gxf5 24. Qg5 $36) 22. Qc3 $1 $36 {White has a serious advantage.} a6 23. Nf4 Kh8 24. Qh3 Qf7 25. Rd3 $1 {With the plan of h6 and h3.} Nc8 (25... g5 26. Ne2 $16) 26. b4 $1 g5 27. Bb3 Qe8 28. Qh6 $1 (28. Ne6 $1 Nxe6 29. Bxe6 $16) 28... Qxe4 29. Rh3 $18 Ne7 (29... gxf4) 30. Bc2 Qxc2 31. Nd3 Kg8 32. Qxh7+ Kf7 33. Ne5+ Ke6 34. Qxc2 fxe5 35. Rh6+ Kd7 36. Rxf8 Rxf8 37. dxe5 Ne6 38. Rf6 Re8 39. Qh7 1-0